000 00852nam a2200265 a 4500
003 AR-BaBNM
005 20251128210929.0
008 082120s2002 ||||||||||||||000 | spa||
020 _a987-97548-0-8
040 _cAR-BaBNM
100 1 _aAccastello, Eduardo Luis
245 0 0 _aCreación de la Universidad Nacional de Villa María
_brelato de una experiencia comunitaria
260 _aVilla María
_bInstituto de Planificación e Investigación Regional
_c1999
300 _a143 p.
_bfot.
650 4 _aPARTICIPACION DE LA COMUNIDAD
650 4 _aCOOPERACION UNIVERSIDAD-ESCUELA
650 4 _aPAPEL DE LA UNIVERSIDAD
650 4 _aPLANIFICACION DE LA UNIVERSIDAD
651 4 _aCórdoba
653 _aEDUCACION SUPERIOR
653 _aCREACION DE UNIVERSIDADES
653 _aFINANCIAMIENTO UNIVERSITARIO
942 _cBK
998 _cRAQUEL
999 _c17509
_d17509